Plán a controlling v podmienkach krízy

Vplyv hospodárskej krízy na výrobné odvetvia v Slovenskej republike. Úloha plánovania v kontrolingu. Plánovanie a kríza. Príprava krízového plánu. Analýza odchýlok skutočnosti a plánu a krízový plán.

Na minha lista:
Detalhes bibliográficos
Autor principal: Grznár, Miroslav
Formato: Capítulo de Livro
Idioma:eslovaco
Assuntos:
Tags: Adicionar Tag
Sem tags, seja o primeiro a adicionar uma tag!

MARC

LEADER 00000naa$a2200000$$$4500
001 0119323
005 20240502072329.9
041 0 |a slo 
044 |a SK 
245 1 0 |a Plán a controlling v podmienkach krízy  |c Miroslav Grznár 
520 |a Vplyv hospodárskej krízy na výrobné odvetvia v Slovenskej republike. Úloha plánovania v kontrolingu. Plánovanie a kríza. Príprava krízového plánu. Analýza odchýlok skutočnosti a plánu a krízový plán. 
610 2 0 |a kontroling 
610 2 0 |a plánovanie 
610 2 0 |a plán 
610 2 0 |a kontrola 
610 2 0 |a monitoring 
610 2 0 |a reporting 
610 2 0 |a kríza hospodárska 
100 1 |a Grznár, Miroslav